| 000 | 00427nam a2200145 a 4500 | ||
|---|---|---|---|
| 001 | 000047484 | ||
| 005 | 20201002060551.0 | ||
| 008 | 180606s2017 dr a 000 spa d | ||
| 020 | _a9789945423419 | ||
| 245 | 0 |
_aCervantes y Dalí :. : _blas semanas de España en UNAPEC 2016. |
|
| 260 |
_aSanto Domingo : _bUniversidad APEC, _c2017. |
||
| 300 |
_a70 p. : _bil. ; _c24 cm. |
||
| 590 | _aInventariado,2018/DG | ||
| 999 |
_c46972 _d46972 |
||
| 040 | _aDO-SdBNP | ||